| 000 | 00619cam a2200193 a 4500 | ||
|---|---|---|---|
| 020 | _a9781422104064 | ||
| 020 | _a1422104060 | ||
| 040 | _cDLC | ||
| 082 | 0 | 0 | _a361 HAR 2008 A114 Or. |
| 100 | 1 | _aElkington, John | |
| 245 | 1 | 4 |
_aThe power of unreasonable people : _bhow social entrepreneurs create markets that change the world / |
| 260 |
_aBoston, Mass. : _bHarvard Business School Press, _cc2008 |
||
| 300 |
_axviii, 242 p. ; _c25 cm |
||
| 650 | 0 | _aSocial entrepreneurship | |
| 650 | 0 | _aSocial change | |
| 700 | 1 | _aHartigan, Pamela | |
| 856 | 4 | 1 | _uhttp://www.loc.gov/catdir/toc/fy0804/2007030382.html |
| 942 | _cEK | ||
| 999 |
_c17437 _d17437 |
||